Pays en M en 1 minute - Statistiques

Statistiques générales
  • Ce quiz a été pris 418 fois
  • Le résultat moyen est 9 sur 17
Statistiques - réponses
Pays en "M" % Correct
Mauritanie
74%
Maroc
66%
Macédoine du Nord
61%
Mali
61%
Madagascar
58%
Mexique
57%
Moldavie
56%
Malaisie
55%
Mozambique
54%
Mongolie
53%
Monténégro
52%
Monaco
44%
Malawi
43%
Maldives
43%
Malte
43%
Maurice
39%
Micronésie
22%
Aucun quiz correspondant
Distribution des résultats
% des personnes avec chaque résultat
Percentile par nombre de réponses
Votre historique - résultats
Vous n’avez pas pris ce quiz